000 00285nam a22001337a 4500
008 181105b xxu||||| |||| 00| 0 eng d
020 _a072163138
041 _aeng
080 _a616.5
100 _a7
101 _aDER
245 _aDiseases of the Skin
_cDomonkos
942 _2udc
_cBK
999 _c51850
_d51850